| 000 | 00440nam a2200205Ia 4500 | ||
|---|---|---|---|
| 008 | 210210b1949 xxu||||| |||| 00| 0 eng d | ||
| 041 | _aeng | ||
| 082 | _a230/120 | ||
| 100 | _aOBRIEN (John A) Ed. | ||
| 245 | _aRoad to damascus Vol.1 | ||
| 260 |
_aLondon _bWH Allen _c1949 |
||
| 300 | _a273 | ||
| 440 | _a1 | ||
| 650 | _aVol.1 | ||
| 650 | _ato | ||
| 650 | _aRoad | ||
| 650 | _adamascus | ||
| 690 | _aReligion | ||
| 906 | _a001356 | ||
| 999 |
_c116492 _d116492 |
||